000 00317nam a22001337a 4500
008 170801b xxu||||| |||| 00| 0 eng d
020 _a0838905544
041 _aeng
080 _a004
100 _a32
101 _aSHK
245 _aTHE BIBLIOGRAPHIC RECORD AND INFORMATION TECHNOLOGY
_cHAGLER,R
942 _2udc
_cBK
999 _c22335
_d22335